| 000 | 01026nam a2200349 a 4500 | ||
|---|---|---|---|
| 003 | AR-BaBNM | ||
| 005 | 20251128202737.0 | ||
| 008 | 082120s2002 ||||||||||||||000 | spa|| | ||
| 020 | _a84-7100-534-4 | ||
| 040 | _cAR-BaBNM | ||
| 100 | 1 | _aMaeder, Ernesto J.A. | |
| 245 | 0 | 0 |
_aMisiones del Paraguay _bconflictos y disolución de la sociedad guaraní [1768-1850] |
| 250 | _a1ª ed. | ||
| 260 |
_aMadrid _bMapfre _c1992 |
||
| 300 |
_a298 p. _bmapas, tablas, gráfs. |
||
| 490 | 0 |
_aRealidades americanas _vv. 11 |
|
| 504 | _aBibliografía para consultar p. 281-290. | ||
| 650 | 4 | _aHISTORIA ECONOMICA | |
| 650 | 4 | _aCOMERCIO | |
| 650 | 4 | _aMISIONES JESUITICAS | |
| 650 | 4 | _aMISIONES RELIGIOSAS | |
| 650 | 4 | _aHISTORIA SOCIAL | |
| 650 | 4 | _aTOLERANCIA | |
| 650 | 4 | _aHISTORIA POLITICA | |
| 650 | 4 | _aEXPULSION DE LOS JESUITAS | |
| 650 | 4 | _aGUERRA GUARANITICA | |
| 650 | 4 | _aABORIGENES | |
| 800 | 1 |
_aGallego, José Andrés _ecoordinador |
|
| 800 | 1 |
_ahera, Alberto de la _edirector |
|
| 942 | _cBK | ||
| 998 | _cmariana | ||
| 999 |
_c359 _d359 |
||